Aplicaciones de la radiografía en urología (Record no. 137570)

MARC details
000 -LEADER
campo de control de longitud fija 00526nam a2200145 4500
001 - NÚMERO DE CONTROL
campo de control 137570
003 - IDENTIFICADOR DE NÚMERO DE CONTROL
campo de control ES-MaACL
005 - FECHA Y HORA DE LA ÚLTIMA TRANSACCIÓN
campo de control 20230906195411.0
007 - CAMPO FIJO DE DESCRIPCIÓN FÍSICA--INFORMACIÓN GENERAL
campo de control de longitud fija t|
008 - DATOS DE LONGITUD FIJA--INFORMACIÓN GENERAL
campo de control de longitud fija 070214s1917 sp r ||||1| spa d
100 1# - ENTRADA PRINCIPAL--NOMBRE DE PERSONA
Nombre de persona Sánchez Covisa, Isidro.
9 (RLIN) 102556
245 10 - MENCIÓN DEL TÍTULO
Título Aplicaciones de la radiografía en urología
Resto del título : dos casos de reflujo vesico-renal y dilatación permanente de los uréteres /
Mención de responsabilidad, etc. Isidro Sánchez Covisa.
260 ## - PUBLICACIÓN, DISTRIBUCIÓN, ETC.
Lugar de publicación, distribución, etc. Madrid :
Nombre del editor, distribuidor, etc. [s.n.],
Fecha de publicación, distribución, etc. 1917 (
Fabricante Imp. de Gabriel López del Horno)
852 ## - LOCALIZACIÓN
Ubicación ES-MaACL
Número de control de estantería 1557-F-2
Holdings
Estatus retirado Estado de pérdida Estado de daño No para préstamo Colección Biblioteca de origen Biblioteca actual Ubicación en estantería Fecha de adquisición Fuente de adquisición Total de préstamos Signatura topográfica completa Código de barras Visto por última vez Precio de reemplazo Tipo de ítem Koha
        Colección de folletos Biblioteca del Ateneo de Madrid Biblioteca del Ateneo de Madrid Depósito folletos 17/01/2008     1557-F-2 1143159 23/02/2023 23/02/2023 Folleto